Testing of elastomers. Determination of indentation hardness of soft rubber (IRHD). Hardness testing on specimens of small dimensions micro-testing. (Record no. 73327)

MARC details
000 -LEADER
fixed length control field 00520nam a2200157Ia 4500
245 #0 - TITLE STATEMENT
Title Testing of elastomers. Determination of indentation hardness of soft rubber (IRHD). Hardness testing on specimens of small dimensions micro-testing.
260 ## - PUBLICATION, DISTRIBUTION, ETC. (IMPRINT)
Year of publication 1972
500 ## - GENERAL NOTE
General note Standard number: DIN 53 519 Sheet 2
650 ## - SUBJECT ADDED ENTRY--TOPICAL TERM
Topical Term Elastomers
650 ## - SUBJECT ADDED ENTRY--TOPICAL TERM
Topical Term Hardness testing
650 ## - SUBJECT ADDED ENTRY--TOPICAL TERM
Topical Term Indentation hardness
650 ## - SUBJECT ADDED ENTRY--TOPICAL TERM
Topical Term Micro testing
650 ## - SUBJECT ADDED ENTRY--TOPICAL TERM
Topical Term Soft rubber
942 ## - ADDED ENTRY ELEMENTS (KOHA)
Koha item type Standards
Holdings
Withdrawn status Lost status Damaged status Not for loan Collection code Home library Current library Date acquired Koha item type
      Standards DIN standards/German Standards RRII Library RRII Library 31/12/2021 Standards